| 000 | 02579nam a2200277Ia 4500 | ||
|---|---|---|---|
| 003 | OSt | ||
| 005 | 20211112124837.0 | ||
| 008 | 210310s2001 ck ad fr 000 0 spa d | ||
| 020 | _a9586823202 | ||
| 040 |
_aCO-JMCR _cCO-JMCR |
||
| 041 | 0 | _aspa | |
| 082 | 0 | 4 |
_a338.9004 / _bO151c _223 |
| 100 | 1 |
_aOcampo, José Antonio, _918215 _ecoordinador |
|
| 245 | 1 | 0 |
_aCrecer con estabilidad : _bel financiamiento del desarrollo en el nuevo conflicto internacional / _cJosé Antonio Ocampo |
| 250 | _aPrimera edición | ||
| 260 |
_aBogotá : _bCepal : Alfaomega, _c2001 |
||
| 300 |
_axvi, 156 páginas : _bilustraciones y gráficas a blanco y negro ; _c23 cm. |
||
| 490 | 0 | _aEconomía de América Latina | |
| 500 | _aIncluye notas a pie de página. | ||
| 504 | _aBibliografía: páginas 149-156 | ||
| 505 | 0 | _aEl financiamiento del desarrollo en los años noventa -- Promoción de la estabilidad en los flujos de capital para el financiamiento del desarrollo -- Inserción comercial y acceso al mercado internacional de capitales -- Movilización de recursos nacionales para el financiamiento del desarrollo | |
| 520 | 3 | _aEl renovado acceso a los mercados internacionales de capitales en los años noventa aumentó la disponibilidad de recursos para el desarrollo de los países de América Latina y el Caribe. Sin embargo, la volatilidad que han mostrado estas fuentes de financiamiento y el carácter procíclico de las políticas macroeconómicas de la región se han reflejado en crisis financieras inusitadamente frecuentes y en un crecimiento económico inestable, con costos importantes en términos de desempleo y de incidencia de la pobreza. Para revertir esta situación, la Comisión Económica para América Latina y el Caribe (CEPAL) propone en este libro una estrategia de crecimiento con estabilidad, cimentada en acciones en tres áreas: el fortalecimiento de la capacidad del sistema financiero internacional para prevenir y administrar crisis, y el de los países para diseñar, en forma complementaria, políticas macroeconómicas preventivas: la aceleración del desarrollo de las exportaciones y el mejoramiento de las condiciones de acceso de la región a los mercados financieros internacionales, y el incremento de los niveles de ahorro nacional y la promoción del desarrollo financiero de los países, a fin de canalizar recursos nacionales hacia la inversión y de garantizar el acceso al crédito a todos los sectores sociales. | |
| 650 | 1 | 4 |
_aFinanzas _918217 _zAmérica Latina |
| 650 | 2 | 4 |
_aCrisis financieras _xPrevención _941504 |
| 942 |
_2ddc _cBK |
||
| 999 |
_c8762 _d8762 |
||